| 000 | 00352nam a2200145Ia 4500 | ||
|---|---|---|---|
| 008 | 230312s9999||||xx |||||||||||||| ||und|| | ||
| 020 | _a0-137-02365-0 | ||
| 082 |
_a720.19 _bMAD-U |
||
| 100 | _aMadanipour;Ali | ||
| 245 | 0 | _aUrban Design Space and Society | |
| 260 |
_bPALGRAVE _aCHINA _c2014 |
||
| 300 | _a296 | ||
| 650 | _aArchitecture | ||
| 942 | _cBK | ||
| 999 |
_c11848 _d11848 |
||